1842 1508 1954 1833 1782 1597 1067 1539 1068 1216 1729 1858 1994 1457 1963 1468 1487 1481 1107 1766 1885 1031 1420 1436 1364 1239 1475 1863 1490 1524 1074 1257 1968 1001 1051 1965 1130 1890 1567 1038 1978 1022 1376 1923 1205 1319 1438 1842 1314 1481 1611 1302 1441 1292 1517 1939 1610 1948 1847 1853 1315 1332 1749 1159 1016 1429 1085 1369 1924 1534 1992 1935 1434 1588 1752 1332 1613 1821 1839 1424 1621 1483 1585 1232 1514 1949 1239 1107 1765 1953 1135 1584 1951 1109 1386 1646 1387 1713 1982 BCNSPRNW ULIB Ver.6.0+V

เปลี่ยนเป็นภาษาไทย

Change to English
 แสดงรายละเอียดบรรณานุกรม
  กลับหน้าหลัก

Brief Record : Get Marc (ISO 2709) : E-mail record : QR code < ปิดหน้าต่าง
LEADER : 00000nam 2200000uu 4500
001    13399128857
003     ULIB
008    241021s2566||||th 000 0 tha d
020 ^^ ^a9786164263314
060 ^^ ^aWA105^bศ111ร
100 ^^ ^aศักดิ์ชัย ไชยมหาพฤกษ์
245 ^^ ^aระบาดวิทยาและสถิติ = ^bEpidemiology and Statistics/^cศักดิ์ชัย ไชยมหาพฤกษ์
250 ^^ ^aพิมพ์ครั้งที่ 2
260 ^^ ^aพิษณุโลก : ^bสำนักพิมพ์มหาวิทยาลัยนเรศวร,^c2566
300 ^^ ^a330 หน้า
502 ^^ ^aบทนำสู่ระบาดวิทยา Introduction to Epidemiology -- การวัดทางระบาดวิทยา Measures in Epidemiology -- การวัดความสัมพันธ์ Measures of Association -- การออกแบบวิจัย Study Design -- การวิจัยแบบสังเกตุ Observational Study -- การวิจัยเชิงทดลอง Experimental study -- อคติ Bias -- ตัวแปรกวน Confounder -- การทดสอบวินิจฉัยโรค Diagnostic Test -- การวัด Measurement -- สถิติเชิงพรรณา Descriptive Statistics -- สถิติเชิงอ้างอิง Statistical Inference -- การทดสอบทางสถิติ Statistical Test -- โปรแกรมคอมพิวเตอร์ PSPP -- การเปรียบเทียบตัวแปรเชิงตัวเลข Comparing Numerical Data -- การวิเคราะห์ความสัมพันธ์ Correlation -- การวิเคราะห์ถดถอย Regression -- การวิเคราะห์การรอดชีพ Time-to-Event Analysis -- การสาธารณสุข Public Health -- การป้องกันควบคุมโรคติดต่อ Prevention & Control of Communicable Diseases -- เวชศาสตร์เชิงประจักษ์ Evidence-Based Medicine
650 ^^ ^aชีวสถิติ
650 ^^ ^aระบาดวิทยา^xระเบียบวิธีทางสถิติ
945    ^p400^l0^i011114
945    ^p400^l0^i011115
945    ^p400^l0^i011116
945    ^p400^l0^i011789
945    ^p400^l0^i011790
945    ^p400^l0^i011791
999    ^aประนอม เกษจรัล
รายการนี้ยังไม่มีแท็ก
คุณยังไม่ได้ล็อกอิน คุณสามารถมีกิจกรรมร่วมกับเว็บไซต์ได้ แต่ต้องล็อกอินก่อน ::
  ล็อกอิน

รายการสื่อสารสนเทศ

ลำดับที่ ประเภท เลขเรียก/บาร์โค้ด สถานที่ สถานะ
1. วิทยาศาสตร์การแพทย์ และสุขภาพ
หนังสือสำรอง
สถานะ=หนังสือสำรอง
WA105 ศ111ร ฉ.1 
  Barcode: 011114
ห้องสมุดวิทยาเขตสวรรค์ประชารักษ์
►หนังสือทั่วไป
บนชั้น
2. วิทยาศาสตร์การแพทย์ และสุขภาพ
วิทยาศาสตร์การแพทย์ และสุขภาพ
WA105 ศ111ร ฉ.2 
  Barcode: 011115
ห้องสมุดวิทยาเขตสวรรค์ประชารักษ์
►หนังสือทั่วไป
บนชั้น
3. วิทยาศาสตร์การแพทย์ และสุขภาพ
วิทยาศาสตร์การแพทย์ และสุขภาพ
WA105 ศ111ร ฉ.3 
  Barcode: 011116
ห้องสมุดวิทยาเขตสวรรค์ประชารักษ์
►หนังสือทั่วไป
บนชั้น
4. Book การพยาบาล
Book การพยาบาล
WA105 ศ111ร ฉ.4 
  Barcode: 011789
ห้องสมุดวิทยาเขตสวรรค์ประชารักษ์
►หนังสือทั่วไป
บนชั้น
5. Book การพยาบาล
Book การพยาบาล
WA105 ศ111ร ฉ.5 
  Barcode: 011790
ห้องสมุดวิทยาเขตสวรรค์ประชารักษ์
►หนังสือทั่วไป
บนชั้น
6. Book การพยาบาล
Book การพยาบาล
WA105 ศ111ร ฉ.6 
  Barcode: 011791
ห้องสมุดวิทยาเขตสวรรค์ประชารักษ์
►หนังสือทั่วไป
บนชั้น

รายการใกล้เคียง
    ผู้แต่ง [ศักดิ์ชัย ไชยมหาพฤกษ์]

    หัวเรื่อง [ชีวสถิติ]

BibComment


ยังไม่เคยถูกคอมเมนท์

คอมเมนท์ทรัพยากรรายการนี้
  คอมเมนท์: ระบาดวิทยาและสถิ..


 Copyright 2026. Bcnsprnw @Library